Statistiken für Liedtext - Männer sind Schweine - Die Ärzte

Klicken Sie hier um das Quiz zu spielen!

Allgemein

  • Dieses Quiz wurde 827 mal gespielt
  • Das Durchschnittsergebnis liegt bei 243 aus 319

Antwortstatistiken

Textquiz% Korrekt
Mann
99%
Schwein
99%
sind
99%
Ein
97%
ein
97%
Männer
97%
Da
96%
er
96%
Er
96%
das
95%
nicht
95%
Schweine
95%
Sie
94%
sie
94%
alle
93%
Eine
93%
ihn
93%
mein
93%
ihnen
92%
Die
91%
die
91%
du
91%
Du
91%
nur
91%
Nur
91%
wollen
91%
Ich
90%
ich
90%
Kind
90%
dich
89%
dir
87%
Liebe
87%
liebe
87%
den
86%
für
86%
Für
86%
so
86%
Traue
86%
und
86%
Und
86%
es
85%
in
85%
In
85%
bist
84%
mich
84%
ist
83%
Weil
83%
Schatz
82%
Dann
81%
dann
81%
der
81%
Einzige
81%
Hallo
81%
im
81%
kann
81%
mal
81%
nach
81%
ander'n
80%
mach'
80%
zu
80%
nun
79%
Wort
79%
am
78%
dass
78%
doof
78%
Glaube
78%
Hof
78%
Wenn
78%
wie
78%
als
77%
bin
77%
find'
77%
immer
77%
sich
77%
um
76%
verliebt
76%
besorgen
75%
Bett
75%
Morgen
75%
nächsten
75%
erst
74%
ins
74%
Was
74%
was
74%
kriegen
73%
Balken
72%
biegen
72%
mehr
72%
weiß
72%
wird
72%
aus
71%
Deswegen
71%
fühlt
71%
Ganz
71%
ganz
71%
heißt
71%
lügt
71%
einmal
69%
gleich
69%
Gleich
69%
Nacht
69%
sei
69%
angebracht:
68%
auch
68%
Bald
68%
bald
68%
dunkel
68%
hin
68%
leg'
68%
fort
67%
zieh'
67%
jedem
66%
Säue
66%
schnell
66%
steckt
66%
anders
65%
merke
65%
speziell
65%
Warnung
65%
doch
64%
'nen
64%
ihm
63%
Jetzt
63%
auf
61%
bewusst:
61%
ewige
61%
fremd
61%
Sonnenschein
61%
stets
61%
Treue
61%
bei
60%
Gefühle
60%
keine
60%
schwör'n
60%
völlig
60%
alles
59%
dein
59%
Frage
59%
wahre
59%
blind
58%
dessen
58%
Ehemann
58%
Ratten
58%
Samenverlust
58%
zum
58%
hast
57%
Hochzeit
57%
Mädchen
57%
drei
56%
Ehebett
56%
gibt's
56%
leider
56%
sag'
56%
Bäumen
55%
Drum
55%
Rücksichtslos
55%
ungehemmt
55%
anlachst
54%
Ausnahmen
54%
begatten
54%
Fehler
54%
furzt
54%
machst
54%
denk'
53%
Tier
53%
falls
52%
rülpst
52%
Autos
51%
sein
51%
daran:
50%
King
50%
Kong
50%
mit
50%
bitte
49%
ohne
49%
Rosenkavalier
48%
Mutiert
46%
Yeah
46%
yeah
46%
fett
45%
unrasiert
45%
widerlich
45%
Reserverad
44%
wahres
44%
zeigt
44%
Begegne
43%
sieht
41%
Bier
40%
List
40%
Trinkt
40%
fern
38%

Verteilung der Resultate

Perzentil nach korrekt beantworteten Fragen

Anzahl Personen mit jedem Resultat

Ihre Resultats-Entwicklung

Sie haben dieses Quiz noch nicht gespielt